[Event "2017 Oceania Zone 3.6 Zonal Championship"]
[Site "Auckland, NZL"]
[Date "2017.01.17"]
[Round "6.8"]
[White "Soo-Burrowes, Eliot W"]
[Black "Lane, Gary W"]
[Result "1/2-1/2"]
[LiveChessVersion "1.4.7"]
[BlackElo "2404"]
[WhiteElo "2040"]

1. c4 e5 2. g3 Nc6 3. Bg2 f5 4. Nc3 {[%clk 1:31:34]} Nf6 {[%clk 1:30:16]} 5. e3
{[%clk 1:31:45]} g6 {[%clk 1:29:53]} 6. Nge2 {[%clk 1:31:56]} Bg7
{[%clk 1:30:17]} 7. d3 {[%clk 1:32:20]} O-O {[%clk 1:30:38]} 8. O-O
{[%clk 1:32:43]} d6 {[%clk 1:31:03]} 9. Rb1 {[%clk 1:33:09]} h6 {[%clk 1:30:09]}
10. b4 {[%clk 1:24:00]} a6 {[%clk 1:29:43]} 11. Nd5 {[%clk 1:19:22]} Ne7
{[%clk 1:27:34]} 12. a4 {[%clk 1:14:14]} c6 {[%clk 1:24:30]} 13. Nxf6+
{[%clk 1:14:19]} Bxf6 {[%clk 1:24:45]} 14. f4 {[%clk 1:07:00]} Be6
{[%clk 1:19:44]} 15. Bb2 {[%clk 1:04:53]} Qc7 {[%clk 1:14:02]} 16. Qc2
{[%clk 0:59:51]} g5 {[%clk 1:00:27]} 17. Kh1 {[%clk 0:49:10]} Ng6
{[%clk 0:52:11]} 18. Ba1 {[%clk 0:41:19]} Qd7 {[%clk 0:32:52]} 19. b5
{[%clk 0:28:06]} axb5 {[%clk 0:32:46]} 20. axb5 {[%clk 0:28:25]} d5
{[%clk 0:33:04]} 21. bxc6 {[%clk 0:24:23]} bxc6 {[%clk 0:32:27]} 22. cxd5
{[%clk 0:24:12]} cxd5 {[%clk 0:12:01]} 23. fxe5 {[%clk 0:21:19]} Nxe5
{[%clk 0:12:25]} 24. Nd4 {[%clk 0:19:56]} Ng4 {[%clk 0:12:47]} 25. Qd2
{[%clk 0:13:38]} Be5 {[%clk 0:06:35]} 26. Nf3 {[%clk 0:09:41]} Bxa1
{[%clk 0:04:02]} 27. Rxa1 {[%clk 0:10:06]} Rxa1 {[%clk 0:04:16]} 28. Rxa1
{[%clk 0:10:29]} Qd6 {[%clk 0:03:53]} 29. Qe2 {[%clk 0:05:59]} Bf7
{[%clk 0:03:46]} 30. h3 {[%clk 0:03:30]} Nf6 {[%clk 0:04:14]} 31. Nd4
{[%clk 0:03:18]} Qe5 {[%clk 0:04:00]} 32. Qf2 {[%clk 0:03:13]} Nh5
{[%clk 0:04:01]} 33. Kh2 {[%clk 0:03:03]} f4 {[%clk 0:02:10]} 34. exf4
{[%clk 0:02:34]} gxf4 {[%clk 0:02:34]} 35. gxf4 {[%clk 0:02:46]} Nxf4
{[%clk 0:02:35]} 36. Re1 {[%clk 0:00:52]} Qg5 {[%clk 0:00:53]} 37. Re3
{[%clk 0:00:57]} Bg6 {[%clk 0:01:03]} 38. Qg3 {[%clk 0:00:53]} Qf6
{[%clk 0:01:08]} 39. Ne2 {[%clk 0:00:48]} Nxg2 {[%clk 0:01:10]} 40. Qxg2
{[%clk 0:31:05]} Kh7 {[%clk 0:30:56]} 41. Qg3 {[%clk 0:20:00]} Bh5
{[%clk 0:16:39]} 42. Qg2 {[%clk 0:13:15]} Rg8 {[%clk 0:14:09]} 43. Rg3
{[%clk 0:11:36]} Qe5 {[%clk 0:08:41]} 44. Kh1 {[%clk 0:08:20]} Rf8
{[%clk 0:05:31]} 45. Ng1 {[%clk 0:08:38]} Rf7 {[%clk 0:04:09]} 46. Nf3
{[%clk 0:07:49]} Qf4 {[%clk 0:04:01]} 47. Nh2 {[%clk 0:05:06]} Re7
{[%clk 0:03:09]} 48. Ng4 {[%clk 0:05:13]} Re1+ {[%clk 0:02:18]} 49. Kh2
{[%clk 0:04:58]} Bg6 {[%clk 0:01:11]} 50. Qf3 {[%clk 0:03:45]} Qd6
{[%clk 0:00:44]} 51. Nf6+ {[%clk 0:03:31]} 1/2-1/2

[Event "2017 Oceania Zone 3.6 Zonal Championship"]
[Site "Auckland, NZL"]
[Date "2017.01.17"]
[Round "6.9"]
[White "Ang, Alphaeus Wei Ern"]
[Black "Yan, Matthew"]
[Result "1/2-1/2"]
[LiveChessVersion "1.4.7"]
[BlackElo "2019"]
[WhiteElo "2271"]

1. d4 {[%clk 1:30:57]} Nf6 {[%clk 1:30:48]} 2. c4 {[%clk 1:31:23]} e6
{[%clk 1:31:15]} 3. Nc3 {[%clk 1:31:49]} Bb4 {[%clk 1:31:20]} 4. e3
{[%clk 1:32:13]} b6 {[%clk 1:30:52]} 5. Bd3 {[%clk 1:32:30]} Bb7 {[%clk 1:31:17]}
6. Nf3 {[%clk 1:32:56]} Ne4 {[%clk 1:29:27]} 7. O-O {[%clk 1:32:05]} Bxc3
{[%clk 1:28:51]} 8. bxc3 {[%clk 1:32:29]} O-O {[%clk 1:29:17]} 9. Ne1
{[%clk 1:31:56]} f5 {[%clk 1:23:35]} 10. f3 {[%clk 1:31:41]} Ng5 {[%clk 1:21:36]}
11. Qe2 {[%clk 1:16:53]} d6 {[%clk 1:09:18]} 12. e4 {[%clk 1:10:10]} fxe4
{[%clk 1:07:07]} 13. fxe4 {[%clk 1:10:23]} Rxf1+ {[%clk 1:05:26]} 14. Kxf1
{[%clk 1:10:43]} e5 {[%clk 1:05:12]} 15. d5 {[%clk 1:06:39]} Nd7 {[%clk 1:01:10]}
16. h4 {[%clk 1:01:35]} Nf7 {[%clk 1:01:08]} 17. Nf3 {[%clk 1:01:01]} Nf6
{[%clk 0:55:13]} 18. Kg1 {[%clk 0:51:40]} Bc8 {[%clk 0:45:38]} 19. Bd2
{[%clk 0:40:00]} Bg4 {[%clk 0:44:45]} 20. Rf1 {[%clk 0:38:22]} h6
{[%clk 0:41:07]} 21. Qf2 {[%clk 0:38:11]} Qd7 {[%clk 0:38:21]} 22. Nh2
{[%clk 0:37:14]} Rf8 {[%clk 0:35:43]} 23. Qg3 h5 1/2-1/2

[Event "2017 Oceania Zone 3.6 Zonal Championship"]
[Site "Auckland, NZL"]
[Date "2017.01.17"]
[Round "6.10"]
[White "James, Jack"]
[Black "McLaren, Leonard J"]
[Result "1-0"]
[LiveChessVersion "1.4.7"]
[BlackElo "2254"]
[WhiteElo "2012"]

1. e4 {[%clk 1:30:31]} c5 {[%clk 1:30:56]} 2. Nc3 {[%clk 1:30:56]} a6
{[%clk 1:31:12]} 3. f4 {[%clk 1:31:19]} b5 {[%clk 1:31:02]} 4. Nf3
{[%clk 1:31:36]} Bb7 {[%clk 1:31:06]} 5. d3 {[%clk 1:31:47]} e6 {[%clk 1:31:16]}
6. Qe2 {[%clk 1:31:56]} Nc6 {[%clk 1:30:32]} 7. g3 {[%clk 1:31:49]} d5
{[%clk 1:28:15]} 8. Bg2 {[%clk 1:29:51]} Nd4 {[%clk 1:22:48]} 9. Nxd4
{[%clk 1:29:28]} cxd4 {[%clk 1:23:12]} 10. Nd1 {[%clk 1:29:47]} Rc8
{[%clk 1:20:40]} 11. O-O {[%clk 1:27:07]} Bc5 {[%clk 1:19:02]} 12. Nf2
{[%clk 1:23:09]} Ne7 {[%clk 1:17:00]} 13. f5 {[%clk 1:15:46]} O-O
{[%clk 1:10:08]} 14. f6 {[%clk 1:12:00]} Ng6 {[%clk 1:00:52]} 15. Ng4
{[%clk 0:57:30]} Re8 {[%clk 0:51:38]} 16. fxg7 {[%clk 0:54:26]} f5
{[%clk 0:51:47]} 17. exf5 {[%clk 0:52:51]} exf5 {[%clk 0:51:12]} 18. Nh6+
{[%clk 0:53:07]} Kxg7 {[%clk 0:51:33]} 19. Qh5 {[%clk 0:49:01]} Rc7
{[%clk 0:41:24]} 20. Bg5 {[%clk 0:47:47]} Qd7 {[%clk 0:38:59]} 21. Nxf5+
{[%clk 0:46:37]} Kg8 {[%clk 0:38:56]} 22. Nh6+ {[%clk 0:45:31]} Kg7
{[%clk 0:39:15]} 23. Bf6+ {[%clk 0:45:45]} Kf8 {[%clk 0:38:39]} 24. Be5+
{[%clk 0:45:57]} Ke7 {[%clk 0:38:28]} 25. Qg5+ {[%clk 0:46:19]} 1-0

[Event "2017 Oceania Zone 3.6 Zonal Championship"]
[Site "Auckland, NZL"]
[Date "2017.01.17"]
[Round "6.11"]
[White "Bennett, Hilton P"]
[Black "Chan, Luis"]
[Result "0-1"]
[LiveChessVersion "1.4.7"]
[BlackElo "2135"]
[WhiteElo "1955"]

1. e4 {[%clk 1:30:39]} c5 {[%clk 1:30:38]} 2. Nc3 {[%clk 1:29:01]} Nc6
{[%clk 1:30:10]} 3. f4 {[%clk 1:29:19]} g6 {[%clk 1:29:12]} 4. Nf3
{[%clk 1:29:37]} Bg7 {[%clk 1:28:54]} 5. Bb5 {[%clk 1:29:44]} d6 {[%clk 1:27:16]}
6. d3 {[%clk 1:26:46]} Bd7 {[%clk 1:25:40]} 7. O-O {[%clk 1:23:40]} Nf6
{[%clk 1:23:13]} 8. Bc4 {[%clk 1:16:04]} O-O {[%clk 1:21:01]} 9. Qe1
{[%clk 1:15:46]} e6 {[%clk 1:11:28]} 10. f5 {[%clk 1:14:46]} exf5
{[%clk 1:08:54]} 11. Qh4 {[%clk 1:14:14]} Nh5 {[%clk 0:58:25]} 12. Bg5
{[%clk 1:07:49]} Bf6 {[%clk 0:56:21]} 13. exf5 {[%clk 1:03:07]} Bxg5
{[%clk 0:54:40]} 14. Nxg5 {[%clk 0:53:11]} h6 {[%clk 0:53:45]} 15. f6
{[%clk 0:43:11]} hxg5 {[%clk 0:48:32]} 16. Qxg5 {[%clk 0:43:19]} Ne5
{[%clk 0:46:39]} 17. Nd5 {[%clk 0:28:33]} Re8 {[%clk 0:37:37]} 18. Rae1
{[%clk 0:13:15]} Kh7 {[%clk 0:17:30]} 19. Re4 {[%clk 0:10:19]} Bg4
{[%clk 0:12:17]} 20. Rxg4 {[%clk 0:09:36]} Nxg4 {[%clk 0:12:37]} 21. Qxg4
{[%clk 0:09:55]} Re5 {[%clk 0:12:01]} 22. Qh4 {[%clk 0:08:12]} b5
{[%clk 0:11:20]} 23. Bxb5 {[%clk 0:05:22]} Rxd5 {[%clk 0:11:24]} 24. Bc6
{[%clk 0:05:50]} Rd4 {[%clk 0:11:12]} 25. Qh3 {[%clk 0:05:51]} Kg8
{[%clk 0:07:15]} 26. Bxa8 {[%clk 0:04:30]} Qxa8 {[%clk 0:07:36]} 27. g4
{[%clk 0:03:20]} Qc8 {[%clk 0:06:19]} 28. Qe3 {[%clk 0:02:15]} Rxg4+
{[%clk 0:06:07]} 29. Kh1 {[%clk 0:02:40]} Qa8+ {[%clk 0:05:47]} 0-1

[Event "2017 Oceania Zone 3.6 Zonal Championship"]
[Site "Auckland, NZL"]
[Date "2017.01.17"]
[Round "6.12"]
[White "Winkelman, Albert"]
[Black "Wheeler, Bruce"]
[Result "1-0"]
[LiveChessVersion "1.4.7"]
[BlackElo "2120"]
[WhiteElo "1860"]

1. e4 {[%clk 1:30:55]} e6 {[%clk 1:30:54]} 2. d4 {[%clk 1:31:21]} d5
{[%clk 1:31:19]} 3. Nc3 {[%clk 1:31:44]} Bb4 {[%clk 1:31:42]} 4. exd5
{[%clk 1:31:51]} exd5 {[%clk 1:32:08]} 5. Bd3 {[%clk 1:32:08]} c6
{[%clk 1:29:42]} 6. Nge2 {[%clk 1:31:27]} Nf6 {[%clk 1:30:02]} 7. O-O
{[%clk 1:30:49]} Nbd7 {[%clk 1:28:50]} 8. Ng3 {[%clk 1:29:39]} O-O
{[%clk 1:25:55]} 9. Bg5 {[%clk 1:26:52]} h6 {[%clk 1:24:54]} 10. Bf4
{[%clk 1:26:31]} Re8 {[%clk 1:24:10]} 11. Nce2 {[%clk 1:03:54]} Nb6
{[%clk 1:17:58]} 12. c3 {[%clk 0:45:59]} Bf8 {[%clk 1:17:13]} 13. Bc2
{[%clk 0:45:24]} Nc4 {[%clk 1:16:16]} 14. Bc1 {[%clk 0:42:49]} Nd6
{[%clk 1:07:09]} 15. Qd3 {[%clk 0:37:32]} g6 {[%clk 1:03:45]} 16. b3
{[%clk 0:20:34]} Bg7 {[%clk 0:58:05]} 17. f3 {[%clk 0:17:25]} a5 {[%clk 0:57:37]}
18. Bf4 {[%clk 0:17:42]} b6 {[%clk 0:57:10]} 19. Qd2 {[%clk 0:17:24]} Kh7
{[%clk 0:55:59]} 20. h4 {[%clk 0:17:32]} Ng8 {[%clk 0:48:14]} 21. h5
{[%clk 0:16:26]} Ne7 {[%clk 0:48:21]} 22. hxg6+ {[%clk 0:16:39]} fxg6
{[%clk 0:48:46]} 23. Nh5 {[%clk 0:16:27]} Ba6 {[%clk 0:46:38]} 24. Nxg7
{[%clk 0:15:17]} Bxe2 {[%clk 0:46:41]} 25. Nxe8 {[%clk 0:15:08]} 1-0

[Event "2017 Oceania Zone 3.6 Zonal Championshi"]
[Site "Auckland NZL"]
[Date "2017.01.17"]
[Round "6.13"]
[White "Duneas, John"]
[Black "Kempen, Leon"]
[Result "1/2-1/2"]
[WhiteElo "2054"]
[BlackElo "1887"]
[PlyCount "32"]
[EventDate "2017.01.14"]

1. d4 e6 2. Nf3 c5 3. e3 d5 4. c3 Nc6 5. Bd3 Nf6 6. Nbd2 Bd6 7. O-O Qc7 8. e4
cxd4 9. cxd4 dxe4 10. Nxe4 Nxe4 11. Bxe4 Ne7 12. Qb3 Qb6 13. Qxb6 axb6 14. Bd2
O-O 15. Ne5 Ra4 16. Nf3 Nd5 1/2-1/2

[Event "2017 Oceania Zone 3.6 Zonal Championshi"]
[Site "Auckland NZL"]
[Date "2017.01.17"]
[Round "6.15"]
[White "Willathgamuwa, Kevin"]
[Black "Croad, Nicholas"]
[Result "1/2-1/2"]
[WhiteElo "1966"]
[BlackElo "2278"]
[PlyCount "104"]
[EventDate "2017.01.14"]

1. e4 e6 2. d4 d5 3. e5 c5 4. c3 Nc6 5. Nf3 Qb6 6. a3 Bd7 7. Be2 Nh6 8. b4 cxd4
9. cxd4 Nf5 10. Bb2 Rc8 11. O-O Na5 12. Nbd2 Nc4 13. Nxc4 dxc4 14. Rc1 Qa6 15.
d5 exd5 16. Qxd5 Be6 17. Qe4 h6 18. Nd4 Nxd4 19. Qxd4 g5 20. Bg4 Rd8 21. Qe4 b5
22. Bxe6 Qxe6 23. Qb7 a6 24. Rfd1 Be7 25. Rxd8+ Bxd8 26. Rd1 O-O 27. Qe4 Re8
28. Re1 Bb6 29. h4 Rd8 30. hxg5 Rd2 31. Re2 Rd1+ 32. Re1 Rxe1+ 33. Qxe1 hxg5
34. Qd2 Qf5 35. Bd4 Bc7 36. Qe2 f6 37. exf6 Qb1+ 38. Qf1 Qxf1+ 39. Kxf1 g4 40.
Ke2 Bf4 41. g3 Bc1 42. f3 Bxa3 43. Bc3 Bc1 44. f4 Kf7 45. Kf2 Ke6 46. Ke2 Ba3
47. Kd1 Kf7 48. Kc2 Ke6 49. Kb1 Kf7 50. Kc2 Ke6 51. Kb1 Kf7 52. Kc2 Ke6 1/2-1/2

[Event "2017 Oceania Zone 3.6 Zonal Championshi"]
[Site "Auckland NZL"]
[Date "2017.01.17"]
[Round "6.16"]
[White "Yu, Bobby"]
[Black "Nakauchi, Gene"]
[Result "1/2-1/2"]
[WhiteElo "1955"]
[BlackElo "2238"]
[PlyCount "152"]
[EventDate "2017.01.14"]

1. d4 Nf6 2. c4 c5 3. d5 e6 4. Nc3 exd5 5. cxd5 d6 6. e4 g6 7. Bd3 Bg7 8. h3 a6
9. a4 Qc7 10. Bg5 Nbd7 11. Nf3 h6 12. Bf4 O-O 13. O-O c4 14. Bc2 Nh5 15. Be3
Ne5 16. Nxe5 Bxe5 17. f4 Bg7 18. Bd4 f5 19. Bxg7 Qxg7 20. Qd2 fxe4 21. Nxe4 Bf5
22. Nxd6 Bxc2 23. Qxc2 Nxf4 24. Rad1 Qc7 25. Ne4 Qe5 26. Nc3 Rf5 27. Rde1 Qd4+
28. Kh2 Nd3 29. Re4 Qc5 30. Rxf5 gxf5 31. Re6 Qc7+ 32. d6 Qd7 33. Rxh6 Kg7 34.
Qd2 f4 35. Rh5 Qxd6 36. Rd5 Qg6 37. Rd7+ Kg8 38. Nd5 Re8 39. Ne7+ Rxe7 40. Rxe7
Qg3+ 41. Kg1 f3 42. Re4 Kf7 43. Re3 f2+ 44. Kf1 Qh2 45. Rf3+ Kg6 46. Rxf2 Qh1+
47. Ke2 Qg1 48. Qe3 Nxf2 49. Qxf2 Qb1 50. Qb6+ Kg5 51. Qc5+ Kg6 52. Qb6+ Kg5
53. Qd8+ Kg6 54. Qd6+ Kf7 55. Qc7+ Kg6 56. Qxb7 Qc2+ 57. Kf3 Qxa4 58. Qe4+ Kf6
59. Qd4+ Kg6 60. h4 a5 61. Qd6+ Kf7 62. Qd5+ Kf6 63. Kf4 c3+ 64. Ke3 cxb2 65.
Qd8+ Ke5 66. Qb8+ Kf5 67. Qc8+ Ke5 68. Qb8+ Kd5 69. Qb7+ Kc5 70. Qxb2 Qxh4 71.
Qa3+ Qb4 72. Qxb4+ Kxb4 73. g4 a4 74. g5 a3 75. g6 a2 76. g7 a1=Q 1/2-1/2

[Event "2017 Oceania Zone 3.6 Zonal Championshi"]
[Site "Auckland NZL"]
[Date "2017.01.17"]
[Round "6.17"]
[White "Crossman, Tom"]
[Black "Polishchuk, Kirill"]
[Result "0-1"]
[WhiteElo "1945"]
[BlackElo "2175"]
[PlyCount "52"]
[EventDate "2017.01.14"]

1. c4 e5 2. d4 exd4 3. Nf3 Nf6 4. Nxd4 Bb4+ 5. Bd2 Bxd2+ 6. Qxd2 O-O 7. Nc3 d5
8. e3 Be6 9. Nxe6 fxe6 10. cxd5 exd5 11. O-O-O c6 12. e4 Nbd7 13. exd5 cxd5 14.
f3 Nb6 15. Kb1 Qc7 16. Qd4 Rac8 17. Bd3 Qc5 18. Bf5 Rc6 19. Rhe1 Rd8 20. Qxc5
Rxc5 21. Re7 Nc4 22. Be6+ Kh8 23. Rxb7 a5 24. Ne4 Rc6 25. Bxd5 Ne3 26. Nxf6
gxf6 0-1

[Event "2017 Oceania Zone 3.6 Zonal Championshi"]
[Site "Auckland NZL"]
[Date "2017.01.17"]
[Round "6.18"]
[White "Chan, Kris"]
[Black "Louie, Jared"]
[Result "1-0"]
[WhiteElo "2120"]
[BlackElo "1895"]
[PlyCount "57"]
[EventDate "2017.01.14"]

1. d4 Nf6 2. c4 c6 3. Nc3 d5 4. e3 a6 5. Nf3 b5 6. cxd5 cxd5 7. Bd3 Bb7 8. O-O
e6 9. Qb3 Bd6 10. a4 b4 11. a5 Nc6 12. e4 dxe4 13. Nxe4 Nxe4 14. Bxe4 Nxa5 15.
Qd3 Bxe4 16. Qxe4 Ra7 17. Bg5 Be7 18. Bxe7 Rxe7 19. Qe5 Nc4 20. Qxg7 Kd7 21.
Ne5+ Nxe5 22. dxe5 Kc6 23. Rxa6+ Kb5 24. Rd6 Qa8 25. Qg4 b3 26. Qe2+ Kb4 27.
Rd4+ Kc5 28. Qc4+ Kb6 29. Qb4+ 1-0

[Event "2017 Oceania Zone 3.6 Zonal Championshi"]
[Site "Auckland NZL"]
[Date "2017.01.17"]
[Round "6.19"]
[White "Yee, Stanley"]
[Black "Zhang, Leo"]
[Result "0-1"]
[WhiteElo "1931"]
[BlackElo "2099"]
[PlyCount "100"]
[EventDate "2017.01.14"]

1. e4 c5 2. Nf3 d6 3. Nc3 Nf6 4. d4 cxd4 5. Nxd4 a6 6. Be3 e5 7. Nb3 Be6 8. f3
Be7 9. Qd2 O-O 10. g4 d5 11. exd5 Nxd5 12. Nxd5 Bxd5 13. Bg2 Bh4+ 14. Bf2 Bxf2+
15. Qxf2 Qc7 16. O-O Nc6 17. c3 Rad8 18. Rfd1 Na5 19. Nxa5 Qxa5 20. Qe3 Bc6 21.
a3 h6 22. Bf1 f5 23. Rxd8 Qxd8 24. gxf5 Rxf5 25. Bg2 Qg5 26. Qxg5 Rxg5 27. Kf2
Kf7 28. Rd1 Ke7 29. c4 Rf5 30. Ke3 Rh5 31. h3 Bd7 32. b3 g6 33. Rc1 Bxh3 34.
Bxh3 Rxh3 35. c5 Kd7 36. Rd1+ Kc6 37. Rd6+ Kxc5 38. Rxg6 Rh1 39. Re6 Rb1 40.
b4+ Kd5 41. Rxh6 Rb3+ 42. Ke2 Rxa3 43. Rb6 Kd4 44. Rxb7 Ra2+ 45. Kf1 Ke3 46.
Rf7 Rf2+ 47. Ke1 Rxf3 48. Ra7 Rf6 49. b5 axb5 50. Rb7 Rc6 0-1

[Event "2017 Oceania Zone 3.6 Zonal Championshi"]
[Site "Auckland NZL"]
[Date "2017.01.17"]
[Round "6.20"]
[White "Kethro, Michael"]
[Black "Wang, Tony"]
[Result "1-0"]
[WhiteElo "2091"]
[BlackElo "1913"]
[PlyCount "101"]
[EventDate "2017.01.14"]

1. Nf3 Nf6 2. c4 e6 3. g3 b6 4. Bg2 Bb7 5. O-O Be7 6. Nc3 O-O 7. Re1 c5 8. e4
d6 9. d4 Nbd7 10. d5 e5 11. Bd2 Re8 12. Rf1 Nf8 13. Ne1 Ng6 14. Nd3 Bf8 15. Qc2
Qc7 16. Rae1 Bc8 17. f4 exf4 18. gxf4 Nh4 19. e5 Nxg2 20. Kxg2 dxe5 21. fxe5
Nd7 22. Bf4 Qd8 23. Qf2 Be7 24. e6 fxe6 25. Bc7 Rf8 26. Bxd8 Rxf2+ 27. Rxf2
Bxd8 28. dxe6 Bb7+ 29. Kg1 Bh4 30. exd7 Bxf2+ 31. Nxf2 Kf7 32. Nfe4 Bc6 33.
Nd6+ Kf8 34. Re8+ Rxe8 35. dxe8=Q+ Bxe8 36. Nxe8 Kxe8 37. Kf2 Kf7 38. Ke3 Kf6
39. Nb5 a6 40. Nc7 Kg5 41. Nxa6 Kg4 42. Nxc5 bxc5 43. a4 Kh3 44. a5 Kxh2 45. a6
g5 46. a7 h5 47. a8=Q g4 48. Qh8 g3 49. Qxh5+ Kg1 50. Kf3 g2 51. Qh3 1-0

[Event "2017 Oceania Zone 3.6 Zonal Championshi"]
[Site "Auckland NZL"]
[Date "2017.01.17"]
[Round "6.21"]
[White "Lim, Benjamin U"]
[Black "Mallari, Donato"]
[Result "1/2-1/2"]
[WhiteElo "1920"]
[BlackElo "2036"]
[PlyCount "150"]
[EventDate "2017.01.14"]

1. d4 Nf6 2. Nf3 e6 3. c4 Bb4+ 4. Bd2 Be7 5. Nc3 d5 6. Qc2 O-O 7. e3 b6 8. cxd5
exd5 9. Bd3 Bb7 10. O-O c5 11. Ne5 a6 12. a4 g6 13. Rfd1 Nc6 14. Nxc6 Bxc6 15.
b3 Bd6 16. Be2 Bb7 17. Bf3 Rb8 18. Bc1 Qc7 19. g3 cxd4 20. exd4 Rbc8 21. Bb2 b5
22. axb5 axb5 23. Qd3 b4 24. Nb5 Qb6 25. Nxd6 Qxd6 26. Rdc1 Ne4 27. Be2 h5 28.
Ra7 Qb6 29. Rca1 h4 30. gxh4 Nc3 31. Bf1 Rfe8 32. Qf3 Rc7 33. Bc1 Ne4 34. Be3
Re6 35. Qf4 Nd6 36. Bh3 f5 37. Qh6 Rh7 38. Qf4 Rhe7 39. Bg2 Nb5 40. Ra8+ Re8
41. Rxe8+ Rxe8 42. h5 Nc3 43. Bf3 Ba6 44. hxg6 Qxg6+ 45. Kh1 Kf8 46. Rg1 Qf6
47. Qh6+ Qxh6 48. Bxh6+ Ke7 49. Rg7+ Kf6 50. Rg1 Be2 51. Bxe2 Rxe2 52. Bg7+ Kf7
53. Be5 Rxf2 54. Rg7+ Ke6 55. Rg6+ Kf7 56. Rb6 Ne2 57. Rxb4 f4 58. Rb7+ Ke6 59.
Rg7 f3 60. h4 Rf1+ 61. Kh2 Rb1 62. Rg6+ Kf5 63. Rf6+ Ke4 64. h5 Rxb3 65. h6 Rb7
66. Rg6 Rh7 67. Bg7 Ke3 68. Re6+ Kf2 69. Be5 Kf1 70. Rf6 Kf2 71. Kh3 Ke3 72.
Kg4 Nxd4 73. Bxd4+ Kxd4 74. Kxf3 Ke5 75. Ra6 d4 1/2-1/2

[Event "2017 Oceania Zone 3.6 Zonal Championshi"]
[Site "Auckland NZL"]
[Date "2017.01.17"]
[Round "6.22"]
[White "Rains, Edward"]
[Black "Zhang, William Jiewen"]
[Result "1-0"]
[WhiteElo "2017"]
[BlackElo "1856"]
[PlyCount "29"]
[EventDate "2017.01.14"]

1. e4 e6 2. d4 d5 3. Nc3 Bb4 4. exd5 exd5 5. Bd3 Nc6 6. a3 Bd6 7. Nf3 Nge7 8.
h3 Be6 9. Nb5 Bf5 10. O-O Qd7 11. Nxd6+ Qxd6 12. Re1 O-O-O 13. b4 f6 14. b5 Na5
15. Bd2 1-0

[Event "2017 Oceania Zone 3.6 Zonal Championshi"]
[Site "Auckland NZL"]
[Date "2017.01.17"]
[Round "6.23"]
[White "Narenthran, Tharmaratnam"]
[Black "Perera, Pasan"]
[Result "1/2-1/2"]
[WhiteElo "1909"]
[BlackElo "2004"]
[PlyCount "42"]
[EventDate "2017.01.14"]

1. e4 e5 2. Nf3 Nc6 3. Bc4 Bc5 4. c3 Nf6 5. d3 O-O 6. O-O d5 7. exd5 Nxd5 8.
Re1 Nb6 9. Bb3 Bg4 10. Bc2 a5 11. Nbd2 Re8 12. Ne4 Bf8 13. Ng3 Qf6 14. h3 Bxf3
15. Qxf3 Qxf3 16. gxf3 Rad8 17. f4 Nd5 18. f5 Nf4 19. Bxf4 exf4 20. Ne4 Ne5 21.
Kg2 c6 1/2-1/2

[Event "2017 Oceania Zone 3.6 Zonal Championshi"]
[Site "Auckland NZL"]
[Date "2017.01.17"]
[Round "6.24"]
[White "Willathgamuwa, Rowan"]
[Black "Ng, Clive"]
[Result "1/2-1/2"]
[WhiteElo "1806"]
[BlackElo "1997"]
[PlyCount "109"]
[EventDate "2017.01.14"]

1. d4 Nf6 2. Nf3 e6 3. c4 Bb4+ 4. Bd2 Qe7 5. g3 O-O 6. Bg2 Bxd2+ 7. Nbxd2 d6 8.
O-O e5 9. e4 Nc6 10. d5 Nb8 11. Qc2 a5 12. Nb1 Na6 13. Nc3 Nc5 14. Nd2 a4 15.
Rae1 Nh5 16. b4 axb3 17. Nxb3 Na6 18. a3 f5 19. Qd1 Nf6 20. exf5 Bxf5 21. f4
Bg4 22. Qc2 Nd7 23. Be4 g6 24. Kg2 Qg7 25. h3 Bf5 26. Bxf5 Rxf5 27. fxe5 Rxf1
28. Rxf1 Nxe5 29. Ne4 Rf8 30. Rxf8+ Qxf8 31. Qe2 Nd7 32. Qg4 Qe7 33. h4 Nac5
34. Nbxc5 Nxc5 35. Nxc5 dxc5 36. Kf3 Kg7 37. Qf4 h5 38. Qe3 Qf6+ 39. Kg2 b6 40.
Qf4 Qe7 41. Kf3 Kg8 42. Qg5 Qg7 43. Qe3 Qf6+ 44. Kg2 Qf5 45. Qe8+ Kg7 46. Qe7+
Kh6 47. Qe3+ Kg7 48. Qf4 Qc2+ 49. Kh3 Kg8 50. Qf6 Kh7 51. Qf7+ Kh8 52. Qe8+ Kg7
53. Qe5+ Kg8 54. Qe8+ Kg7 55. Qe7+ 1/2-1/2

[Event "2017 Oceania Zone 3.6 Zonal Championshi"]
[Site "Auckland NZL"]
[Date "2017.01.17"]
[Round "6.25"]
[White "Korenevski, Oleg"]
[Black "Huang, Alex"]
[Result "1/2-1/2"]
[WhiteElo "1782"]
[BlackElo "1993"]
[PlyCount "28"]
[EventDate "2017.01.14"]

1. d4 Nf6 2. c4 e6 3. Nf3 b6 4. g3 Bb4+ 5. Bd2 a5 6. Bg2 Bb7 7. O-O Bxd2 8.
Nbxd2 O-O 9. Qc2 d6 10. a3 Nbd7 11. b4 Qe7 12. Qb2 e5 13. dxe5 Nxe5 14. Nxe5
Bxg2 1/2-1/2

[Event "2017 Oceania Zone 3.6 Zonal Championshi"]
[Site "Auckland NZL"]
[Date "2017.01.17"]
[Round "6.26"]
[White "Louie, Ryan"]
[Black "Russell, Paul"]
[Result "1-0"]
[WhiteElo "1972"]
[BlackElo "1882"]
[PlyCount "47"]
[EventDate "2017.01.14"]

1. d4 Nf6 2. c4 g6 3. Nc3 d5 4. cxd5 Nxd5 5. e4 Nxc3 6. bxc3 Bg7 7. Nf3 c5 8.
Be2 Nc6 9. d5 Ne5 10. Nxe5 Bxe5 11. Bd2 O-O 12. O-O f5 13. Bh6 Re8 14. Rc1 fxe4
15. Qa4 e6 16. Rfd1 Bd7 17. Qxe4 Qf6 18. Bg4 Kh8 19. Bxe6 Bxe6 20. dxe6 Qxe6
21. Qxb7 Bxc3 22. Be3 Bd4 23. Rxd4 cxd4 24. Bxd4+ 1-0

[Event "2017 Oceania Zone 3.6 Zonal Championshi"]
[Site "Auckland NZL"]
[Date "2017.01.17"]
[Round "6.27"]
[White "Fan, Allen Chi Zhou"]
[Black "Davis, Tony J"]
[Result "1-0"]
[WhiteElo "1952"]
[BlackElo "1851"]
[PlyCount "93"]
[EventDate "2017.01.14"]

1. Nf3 d5 2. c4 e6 3. g3 c6 4. Bg2 Nf6 5. O-O Be7 6. d3 O-O 7. a3 a5 8. Nc3
Nbd7 9. Bf4 Ra6 10. Rb1 d4 11. Na2 c5 12. Qc2 Nh5 13. Bd2 b6 14. b4 axb4 15.
axb4 Qc7 16. e3 e5 17. Rfe1 Bd6 18. Nc1 f5 19. Ne2 Ndf6 20. exd4 cxd4 21. c5
bxc5 22. bxc5 Kh8 23. Rbc1 Be7 24. Nexd4 exd4 25. Nxd4 Qd7 26. Qb2 Rd8 27. Rc4
Ng8 28. c6 Qd6 29. Bb4 Qf6 30. Bc3 Qg6 31. c7 Rf8 32. Nf3 f4 33. Ne5 Qb6 34.
Qxb6 Rxb6 35. Bc6 fxg3 36. hxg3 Nhf6 37. d4 Bd6 38. d5 Ra6 39. Bb4 Bxb4 40.
Rxb4 Ne7 41. Rd1 Nxc6 42. dxc6 Ra7 43. Rd8 Kg8 44. Nd7 Nxd7 45. cxd7 Bxd7 46.
Rbb8 Bc8 47. Rbxc8 1-0

[Event "2017 Oceania Zone 3.6 Zonal Championshi"]
[Site "Auckland NZL"]
[Date "2017.01.17"]
[Round "6.28"]
[White "Plaganyi, Gyula"]
[Black "Chew Lee, Max"]
[Result "0-1"]
[WhiteElo "1790"]
[BlackElo "2204"]
[PlyCount "60"]
[EventDate "2017.01.14"]

1. e4 e6 2. d3 d5 3. Qe2 Nf6 4. g3 b6 5. Bg2 Bb7 6. Nd2 Be7 7. Ngf3 Nc6 8. O-O
h5 9. exd5 Nxd5 10. Ne4 Qd7 11. h4 O-O-O 12. Re1 Rde8 13. Bd2 Kb8 14. Neg5 Bf6
15. c3 Bxg5 16. Nxg5 f6 17. Ne4 e5 18. Rad1 Rhf8 19. Qf1 Ba6 20. Bh3 Qf7 21.
Bc1 g5 22. hxg5 f5 23. Nf6 Nxf6 24. gxf6 Qxf6 25. Qe2 h4 26. Qf3 Bb7 27. g4 Nd4
28. Qe3 Nf3+ 29. Kf1 fxg4 30. Bxg4 Nh2+ 0-1

[Event "2017 Oceania Zone 3.6 Zonal Championshi"]
[Site "Auckland NZL"]
[Date "2017.01.17"]
[Round "6.29"]
[White "Crowley, Regan"]
[Black "Parsonage, Ian P"]
[Result "1-0"]
[WhiteElo "1761"]
[BlackElo "2043"]
[PlyCount "65"]
[EventDate "2017.01.14"]

1. d4 Nf6 2. c4 e6 3. Nc3 Bb4 4. Qc2 O-O 5. a3 Bxc3+ 6. Qxc3 d5 7. Bg5 dxc4 8.
f3 h6 9. Bh4 c5 10. dxc5 g5 11. Bg3 Nd5 12. Qxc4 Qf6 13. Qc1 Nc6 14. e3 e5 15.
Bc4 Be6 16. Ne2 b6 17. Bxd5 Bxd5 18. Nc3 Rfd8 19. cxb6 axb6 20. O-O Bb3 21. Ne4
Qe6 22. Nd2 Na5 23. Qc3 Rac8 24. Qb4 Rd3 25. Nxb3 Nxb3 26. Rae1 f5 27. Qb5 Rd2
28. Rd1 f4 29. exf4 gxf4 30. Bf2 Rxb2 31. Rfe1 Rcc2 32. Rxe5 Qxe5 33. Qxe5 1-0